Efficiency of Real Production in V4 Countries

Produktivita z pohľadu makroekonomiky a mikroekonomiky. Produktivita práce. Zmeny v produktivite práce. Meranie produktivity. Reálna produkcia v krajinách V4.

Na minha lista:
Detalhes bibliográficos
Autor principal: Megyesiová, Silvia, 1969-
Outros Autores: Michňová, Mária, 1996-
Formato: Capítulo de Livro
Idioma:inglês
Assuntos:
Tags: Adicionar Tag
Sem tags, seja o primeiro a adicionar uma tag!

MARC

LEADER 00000naa a2200000 4500
001 0262901
005 20240502074157.9
041 0 |a eng 
044 |a SK 
245 1 0 |a Efficiency of Real Production in V4 Countries  |c Silvia Megyesiová, Mária Michňová 
520 |a Produktivita z pohľadu makroekonomiky a mikroekonomiky. Produktivita práce. Zmeny v produktivite práce. Meranie produktivity. Reálna produkcia v krajinách V4. 
610 2 0 |a efektívnosť 
610 2 0 |a Vyšehradská štvorka 
610 2 0 |a produktivita práce 
610 2 0 |a hodnota pridaná 
100 1 |a Megyesiová, Silvia, 1969- 
700 1 |a Michňová, Mária, 1996-